[Event "MPL-1 Indian Chess Tour 2022"]
[Site "Online"]
[Date "2022.03.27"]
[Round "15.5"]
[White "Lalith Babu M R"]
[Black "Mendonca, Leon Luke"]
[Result "0-1"]
[WhiteElo "2563"]
[BlackElo "2536"]
[Annotator "RC"]
[PlyCount "112"]
[EventDate "2022.03.30"]
[EventType "tourn"]
[EventCountry "NET"]
[SourceTitle "playchess.com"]
[Source "ChessBase"]
[SourceQuality "1"]
[TimeControl "5400+30"]

1. d4 {[%emt 1:15:40]} d5 {[%emt 1:15:40]} 2. Nf3 {[%emt 0:00:22]} Nf6 {[%emt 0:00:22]} 3. c4 {[%emt 0:00:21]} e6 {[%emt 0:00:21]} 4. Nc3 {[%emt 0:00:22]} c6 {[%emt 0:00:21]} 5. Bg5 {[%emt 0:00:21]} h6 {[%emt 0:00:22]} 6. Bxf6 {[%emt 0:00:21]} Qxf6 {[%emt 0:00:21]} 7. e3 {[%emt 0:00:20]} g6 {[%emt 0:00:30]} 8. Be2 {[%emt 0:00:47]} Bg7 {[%emt 0:00:37]} 9. O-O {[%emt 0:00:22]} O-O {[%emt 0:00:42]} 10. b4 {[%emt 0:00:55]} dxc4 {[%emt 0:01:30]} 11. Bxc4 {[%emt 0:00:22]} Nd7 {[%emt 0:00:39]} 12. Rc1 {[%emt 0:04:47]} Rd8 {[%emt 0:04:55]} 13. Qb3 {[%emt 0:00:32]} Qe7 {[%emt 0:00:53]} 14. Rfd1 {[%emt 0:00:44]} b6 {[%emt 0:01:24]} 15. h3 {[%emt 0:04:19]} Bb7 {[%emt 0:00:43]} 16. e4 {[%emt 0:00:22]} Rab8 {[%emt 0:01:12]} 17. Be2 {[%emt 0:00:40]} c5 {[%emt 0:01:09]} 18. dxc5 {[%emt 0:00:23]} bxc5 {[%emt 0:00:26]} 19. b5 {[%emt 0:00:21]} Nb6 {[%emt 0:01:43]} 20. a4 {[%emt 0:00:37]} Rxd1+ {[%emt 0:00:29]} 21. Bxd1 {[%emt 0:00:31]} c4 {[%emt 0:00:26]} 22. Qc2 {[%emt 0:01:14]} Qb4 {[%emt 0:00:39]} 23. e5 {[%emt 0:01:17]} Bxf3 {[%emt 0:01:00]} 24. Bxf3 {[%emt 0:00:22]} Bxe5 {[%emt 0:00:23]} 25. Ne4 {[%emt 0:00:39]} Rd8 {[%emt 0:00:32]} 26. Qe2 {[%emt 0:00:51]} Qxa4 {[%emt 0:01:22]} 27. Rb1 {[%emt 0:01:42]} Qa3 {[%emt 0:00:55]} 28. Nd2 {[%emt 0:00:21]} Qc3 {[%emt 0:00:36]} 29. Ne4 {[%emt 0:00:30]} Qd3 {[%emt 0:00:37]} 30. Qe1 {[%emt 0:00:22]} Qa3 {[%emt 0:01:00]} 31. Ng5 {[%emt 0:00:57]} Qc3 {[%emt 0:00:41]} 32. Qxc3 {[%emt 0:00:29]} Bxc3 {[%emt 0:00:21]} 33. Ne4 {[%emt 0:00:21]} Bd4 {[%emt 0:00:33]} 34. Kf1 {[%emt 0:00:21]} f5 {[%emt 0:01:09]} 35. Nd2 {[%emt 0:00:26]} Bc5 {[%emt 0:00:35]} 36. Ke2 {[%emt 0:00:24]} Bxf2 {[%emt 0:01:40]} 37. Rc1 {[%emt 0:00:22]} Bd4 {[%emt 0:00:36]} 38. Nxc4 {[%emt 0:00:21]} Nxc4 {[%emt 0:00:39]} 39. Rxc4 {[%emt 0:00:22]} Bb6 {[%emt 0:00:22]} 40. Rc6 {[%emt 0:00:34]} Kf7 {[%emt 0:00:22]} 41. Ke1 {[%emt 0:00:25]} Kf6 {[%emt 0:00:34]} 42. Be2 {[%emt 0:00:22]} Ke5 {[%emt 0:00:25]} 43. g4 {[%emt 0:00:41]} Rd6 {[%emt 0:00:42]} 44. Rc8 {[%emt 0:00:22]} Kf4 {[%emt 0:00:23]} 45. Rg8 {[%emt 0:00:23]} e5 {[%emt 0:00:27]} 46. Rf8 {[%emt 0:00:28]} e4 {[%emt 0:00:25]} 47. h4 {[%emt 0:00:23]} Ke5 {[%emt 0:00:38]} 48. h5 {[%emt 0:00:21]} fxg4 {[%emt 0:01:44]} 49. Bxg4 {[%emt 0:00:24]} g5 {[%emt 0:00:24]} 50. Rf5+ {[%emt 0:00:39]} Kd4 {[%emt 0:00:21]} 51. Ke2 {[%emt 0:00:21]} Kc3 {[%emt 0:00:38]} 52. Re5 {[%emt 0:00:27]} e3 {[%emt 0:00:38]} 53. Bf3 {[%emt 0:00:58]} Rd2+ {[%emt 0:00:27]} 54. Ke1 {[%emt 0:00:21]} Rf2 {[%emt 0:00:23]} 55. Be2 {[%emt 0:00:33]} Kc2 {[%emt 0:00:41]} 56. Bd1+ {[%emt 0:01:16]} Kc1 {[%emt 0:00:23]} 0-1

[Event "MPL-1 Indian Chess Tour 2022"]
[Site "Online"]
[Date "2022.03.27"]
[Round "15.6"]
[White "Puranik, Abhimanyu"]
[Black "Ganguly, Surya Shekhar"]
[Result "0-1"]
[WhiteElo "2618"]
[BlackElo "2627"]
[Annotator "ChessBase"]
[PlyCount "66"]
[EventDate "2022.03.30"]
[EventType "tourn"]
[EventCountry "NET"]
[SourceTitle "playchess.com"]
[Source "ChessBase"]
[SourceQuality "1"]
[TimeControl "5400+30"]

1. c4 {[%emt 1:15:40]} Nf6 {[%emt 1:15:40]} 2. Nc3 {[%emt 0:00:23]} e6 {[%emt 0:00:22]} 3. e4 {[%emt 0:00:22]} d5 {[%emt 0:00:21]} 4. e5 {[%emt 0:00:21]} d4 {[%emt 0:00:21]} 5. exf6 {[%emt 0:00:21]} dxc3 {[%emt 0:00:20]} 6. Nf3 {[%emt 0:00:21]} cxb2 {[%emt 0:01:03]} 7. Bxb2 {[%emt 0:00:27]} gxf6 {[%emt 0:00:22]} 8. Qb3 {[%emt 0:01:15]} a5 {[%emt 0:00:50]} 9. a3 {[%emt 0:00:34]} Nc6 {[%emt 0:01:46]} 10. d4 {[%emt 0:00:26]} Bh6 {[%emt 0:01:28]} 11. Bd3 {[%emt 0:01:02]} Ne7 {[%emt 0:01:57]} 12. O-O {[%emt 0:01:19]} Ng6 {[%emt 0:00:22]} 13. Rfe1 {[%emt 0:00:37]} O-O {[%emt 0:00:31]} 14. g3 {[%emt 0:00:30]} Bd7 {[%emt 0:01:02]} 15. Rad1 {[%emt 0:00:47]} Qe8 {[%emt 0:01:02]} 16. Bc2 {[%emt 0:00:30]} b5 {[%emt 0:00:43]} 17. c5 {[%emt 0:02:37]} Qc8 {[%emt 0:00:46]} 18. d5 {[%emt 0:00:47]} e5 {[%emt 0:00:23]} 19. Qd3 {[%emt 0:00:49]} b4 {[%emt 0:00:43]} 20. Nh4 {[%emt 0:00:44]} b3 {[%emt 0:00:54]} 21. Bb1 {[%emt 0:01:35]} a4 {[%emt 0:00:30]} 22. Re4 {[%emt 0:01:09]} Bg5 {[%emt 0:00:59]} 23. Nxg6 {[%emt 0:01:40]} hxg6 {[%emt 0:00:32]} 24. f4 {[%emt 0:00:22]} exf4 {[%emt 0:01:06]} 25. gxf4 {[%emt 0:00:21]} Bh6 {[%emt 0:01:44]} 26. Qd4 {[%emt 0:01:09]} Bg7 {[%emt 0:00:52]} 27. d6 {[%emt 0:02:52]} cxd6 {[%emt 0:00:32]} 28. cxd6 {[%emt 0:00:22]} Ra5 {[%emt 0:02:52]} 29. Rc1 {[%emt 0:00:44]} Bc6 {[%emt 0:00:39]} 30. Re3 {[%emt 0:01:07]} Qd7 {[%emt 0:01:07]} 31. Qb6 {[%emt 0:00:58]} Rd5 {[%emt 0:00:49]} 32. Be4 {[%emt 0:00:48]} Qg4+ {[%emt 0:00:50]} 33. Kf1 {[%emt 0:01:29]} Bb5+ {[%emt 0:00:47]} 0-1

[Event "MPL-1 Indian Chess Tour 2022"]
[Site "Online"]
[Date "2022.03.27"]
[Round "15.7"]
[White "Sankalp Gupta"]
[Black "Harika, Dronavalli"]
[Result "0-1"]
[WhiteElo "2536"]
[BlackElo "2517"]
[Annotator "ChessBase"]
[PlyCount "94"]
[EventDate "2022.03.30"]
[EventType "tourn"]
[EventCountry "NET"]
[SourceTitle "playchess.com"]
[Source "ChessBase"]
[SourceQuality "1"]
[TimeControl "5400+30"]

1. e4 {[%emt 1:15:40]} g6 {[%emt 1:15:40]} 2. d4 {[%emt 0:00:22]} Bg7 {[%emt 0:00:24]} 3. Nc3 {[%emt 0:00:21]} d6 {[%emt 0:00:23]} 4. Be3 {[%emt 0:00:22]} a6 {[%emt 0:00:21]} 5. Qd2 {[%emt 0:00:21]} b5 {[%emt 0:00:30]} 6. Nce2 {[%emt 0:00:23]} Nd7 {[%emt 0:00:38]} 7. Ng3 {[%emt 0:00:25]} Bb7 {[%emt 0:00:22]} 8. a4 {[%emt 0:00:55]} h5 {[%emt 0:01:06]} 9. h4 {[%emt 0:00:27]} c5 {[%emt 0:02:15]} 10. c3 {[%emt 0:01:25]} Ngf6 {[%emt 0:01:35]} 11. f3 {[%emt 0:00:54]} bxa4 {[%emt 0:01:17]} 12. Bd3 {[%emt 0:02:33]} O-O {[%emt 0:00:49]} 13. N1e2 {[%emt 0:00:35]} cxd4 {[%emt 0:00:55]} 14. cxd4 {[%emt 0:00:20]} e5 {[%emt 0:00:21]} 15. d5 {[%emt 0:01:55]} Nc5 {[%emt 0:00:37]} 16. Bc2 {[%emt 0:00:22]} Nfd7 {[%emt 0:00:56]} 17. Bxa4 {[%emt 0:00:48]} Nxa4 {[%emt 0:00:39]} 18. Rxa4 {[%emt 0:00:20]} a5 {[%emt 0:00:22]} 19. Bh6 {[%emt 0:00:38]} Nc5 {[%emt 0:00:40]} 20. Ra3 {[%emt 0:00:40]} Bc8 {[%emt 0:03:41]} 21. Bxg7 {[%emt 0:04:35]} Kxg7 {[%emt 0:00:22]} 22. f4 {[%emt 0:00:32]} Bg4 {[%emt 0:00:53]} 23. f5 {[%emt 0:00:34]} a4 {[%emt 0:00:53]} 24. Nc3 {[%emt 0:02:05]} Kh7 {[%emt 0:01:55]} 25. Nd1 {[%emt 0:01:01]} Nb3 {[%emt 0:01:15]} 26. Qg5 {[%emt 0:01:26]} Qxg5 {[%emt 0:02:12]} 27. hxg5 {[%emt 0:00:20]} Bxd1 {[%emt 0:00:21]} 28. Kxd1 {[%emt 0:00:30]} Rfc8 {[%emt 0:00:21]} 29. Ne2 {[%emt 0:00:34]} Rc4 {[%emt 0:00:36]} 30. Nc3 {[%emt 0:00:46]} Rd4+ {[%emt 0:00:42]} 31. Ke1 {[%emt 0:01:17]} Kg7 {[%emt 0:00:56]} 32. f6+ {[%emt 0:00:30]} Kg8 {[%emt 0:00:22]} 33. g4 {[%emt 0:01:53]} hxg4 {[%emt 0:00:22]} 34. Kf2 {[%emt 0:00:47]} Nc5 {[%emt 0:00:26]} 35. Ke3 {[%emt 0:01:09]} Rb8 {[%emt 0:00:30]} 36. Ra2 {[%emt 0:00:23]} Rb3 {[%emt 0:00:25]} 37. Ke2 {[%emt 0:00:33]} Nxe4 {[%emt 0:00:25]} 38. Nxe4 {[%emt 0:00:21]} Rxe4+ {[%emt 0:00:20]} 39. Kd2 {[%emt 0:00:22]} g3 {[%emt 0:00:40]} 40. Raa1 {[%emt 0:00:22]} g2 {[%emt 0:00:38]} 41. Rhc1 {[%emt 0:00:29]} Rd4+ {[%emt 0:01:25]} 42. Ke2 {[%emt 0:00:29]} Rxb2+ {[%emt 0:00:20]} 43. Kf3 {[%emt 0:00:49]} Rd3+ {[%emt 0:00:32]} 44. Ke4 {[%emt 0:00:23]} Rh3 {[%emt 0:00:21]} 45. Rxa4 {[%emt 0:00:46]} Rh4+ {[%emt 0:00:24]} 46. Kf3 {[%emt 0:00:26]} Rxa4 {[%emt 0:00:21]} 47. Ke3 {[%emt 0:00:30]} Ra3+ {[%emt 0:00:30]} 0-1

[Event "MPL-1 Indian Chess Tour 2022"]
[Site "Online"]
[Date "2022.03.27"]
[Round "15.8"]
[White "Erigaisi Arjun"]
[Black "Adhiban, B.."]
[Result "1/2-1/2"]
[WhiteElo "2633"]
[BlackElo "2648"]
[Annotator "COMBH"]
[PlyCount "91"]
[EventDate "2022.03.30"]
[EventType "tourn"]
[EventCountry "NET"]
[SourceTitle "playchess.com"]
[Source "ChessBase"]
[SourceQuality "1"]

{[%evp 17,91,15,23,8,33,-35,35,39,30,7,41,43,37,47,43,38,59,71,89,51,60,8,3,4,4,9,8,0,0,0,0,0,0,0,0,0,0,0,0,0,0,0,0,0,0,0,0,0,0,0,0,0,0,0,0,0,0,0,0,0,0,0,0,-28000,-28000,-28000,-28000,-28000,-28000,-28000,-28000,-28000,-28000,-28000,-28000,-28000]} 1. Nf3 c5 2. c4 g6 3. g3 Bg7 4. Bg2 Nc6 5. Nc3 d6 6. O-O Nf6 7. d4 cxd4 8. Nxd4 Bd7 9. Nxc6 bxc6 10. e4 {[%cal Oc4c5] A31: Symmetrical English: 2 Nf3 Nf6 3 d4.} h5 {[#]} 11. Bg5 $146 (11. c5 $14) ({Predecessor:} 11. c5 h4 12. cxd6 hxg3 13. hxg3 Ng4 14. Bg5 Qa5 15. e5 Bxe5 16. Qe2 exd6 17. Ne4 {½-½ (30) Loxine,J (2411)-Zeller,F (2394) Germany 2015}) 11... Nh7 (11... Ng4 $15) 12. Be3 $14 {White is slightly better.} h4 13. Bd4 Nf6 (13... Be5 {is interesting.} 14. f4 Bg4 15. Qd2 Bxd4+ 16. Qxd4 Qb6) 14. e5 dxe5 15. Bxe5 hxg3 16. hxg3 O-O 17. Re1 Rc8 18. Ne4 {0x0.002461d9d548dp-1022s more active pieces.} Be6 19. b3 ({White should try} 19. Qc1 $14) 19... Nxe4 $11 20. Rxe4 Qxd1+ 21. Rxd1 c5 22. Bxg7 Kxg7 23. Re5 Rc7 24. f4 Rb8 25. Rde1 a5 26. Bd5 Bxd5 27. Rxd5 {[%mdl 4096] Endgame KRR-KRR} e6 28. Rd3 a4 29. Re5 axb3 30. axb3 Rcb7 31. Rxc5 Rxb3 32. Rxb3 Rxb3 {KR-KR} 33. Kf2 f5 34. Re5 Rc3 35. Rxe6 Rxc4 36. Re7+ Kf6 37. Re2 Rc3 38. Re3 Rc2+ 39. Re2 Rxe2+ {[%mdl 8192] [#]} (39... Rc1 $11) 40. Kxe2 {KPP-KPP} Ke6 {Mate.} 41. Ke3 Kd5 42. Kd3 Kc5 43. Kc3 Kd5 44. Kd3 Kc5 45. Kc3 Kd5 46. Kd3 {[%mdl 32768] Weighted Error Value: White=0.10 (very precise) /Black=0.07 (flawless) . An unexpected result.} 1/2-1/2